000
00341 a2200157 4500
001
154941
040
_c
Escola São Tomás de Aquino
100
_a
DREGUER, Ricardo
240
1
0
_a
Ciências Humanas 2
_l
por
245
1
0
_a
Ciências Humanas 2
300
_a
171
362
0
_a
2015
440
1
_a
Moderna
697
_a
HISTÓRIA
942
_c
BK
999
_c
154941
_d
154941